History Quiz

Random History or Decade Quiz

Which Year? (1970s) Quiz Stats

 Plays Quiz Updated Jan 7, 2018

Challenge
Share
Tweet
Embed
Score 0/20 Timer 05:00
3 Plays Today
Question Answer Wrong Answers
Richard Nixon resigns as the president of the United States. 1974
80.2%
1971
6.1%
1977
7.9%
1979
2.2%
Elvis Presley dies at age 42. 1977
77.4%
1971
4.4%
1974
8.4%
1979
6.1%
Jimmy Carter is elected president of the United States. 1976
77.1%
1970
3.1%
1972
5.9%
1974
10.2%
The Summer Olympics are held in Munich, Germany. 1972
76.2%
1970
3%
1974
6.3%
1976
10.8%
Richard Nixon visits China. 1972
66.1%
1970
14.4%
1974
11.8%
1976
4%
The Soviet-Afghan War begins. 1979
65.2%
1971
7.4%
1974
10.8%
1976
12.5%
The Vietnam War ends with the fall of Saigon. 1975
63.5%
1971
5.8%
1973
19%
1977
7.9%
Margaret Thatcher becomes prime minister of the United Kingdom. 1979
63.4%
1973
7%
1975
9.2%
1977
16.6%
The Shah is overthrown in Iran. 1979
62.3%
1972
5.8%
1975
10.6%
1977
17.3%
'The Godfather' is released. 1972
62%
1970
8.5%
1974
16.1%
1976
9.7%
Four students are killed at Kent State University in Ohio. 1970
60%
1973
19.6%
1976
11.8%
1979
4.8%
The year of the three popes (Paul VI, John Paul I, John Paul II). 1978
59.8%
1971
7.2%
1974
12.8%
1976
16.3%
The Yom Kippur War occurs. 1973
59.7%
1970
15.4%
1976
15.4%
1979
5.6%
The Apollo 13 mission is launched. 1970
57.1%
1973
26.4%
1976
8.4%
1979
4.4%
Francisco Franco dies after 39 years in power in Spain. 1975
54%
1970
8.9%
1972
14.7%
1978
18.5%
Over 900 people die in a cult murder-suicide in Jonestown, Guyana. 1978
51.2%
1972
9%
1974
15.9%
1976
19.8%
Chile's president, Salvador Allende, is overthrown and killed. 1973
47.2%
1970
12.1%
1976
24.2%
1979
12.6%
The last person walks on the moon. 1972
46.7%
1970
10%
1975
22.5%
1978
17.1%
South African activist Steve Biko is killed. 1977
36.3%
1971
14.7%
1973
19.9%
1975
24.9%
Apple Inc. is founded by Steve Jobs, Steve Wozniak, and Ronald Wayne. 1976
35.8%
1971
8.9%
1974
15.7%
1978
35.7%

You're not logged in!

Compare scores with friends on all Sporcle quizzes.
OR
Log In

You Might Also Like...

Show Comments

Extras

Top Quizzes Today


Score Distribution

Your Account Isn't Verified!

In order to create a playlist on Sporcle, you need to verify the email address you used during registration. Go to your Sporcle Settings to finish the process.

Report this User

Report this user for behavior that violates our Community Guidelines.

Details: